000 00730cam a2200265 4500500
005 20260329001920.0
041 _afre
042 _adc
100 1 0 _aLequin, Mathilde
_eauthor
245 0 0 _aLe singe descend de l’homme
260 _c2009.
500 _a60
690 _aAnimalité
690 _aAnthropologie
690 _aArchéologie
690 _aGrands Singes
690 _aHumanité
690 _aOrigines
690 _aPréhistoire
690 _aRévolution
690 _aScience
690 _aSinge
786 0 _nPhilosophie magazine | 35 | 12 | 2009-12-01 | p. 27-27 | 1951-1787
856 4 1 _uhttps://shs.cairn.info/magazine-philosophie-magazine-2009-12-page-27?lang=fr&redirect-ssocas=7080
999 _c1809939
_d1809938